On This Day: December 2nd Quiz Stats

 Plays Quiz Updated Dec 2, 2017

Challenge
Share
Tweet
Embed
Score 0/7 Timer 03:00
0 Plays Today
Question Answer Wrong Answers
This American singer-songwriter, whose debut studio album ‘...Baby One More Time’ became an international success, is born.
1981
Britney Spears
88.1%
Christina Aguilera
3.8%
P!nk
1.3%
Gwen Stefani
2.5%
The United States Environmental ______ Agency begins operations.
1970
Protection
87.8%
Preservation
5.8%
Perpetuation
0.6%
Peace
1.5%
This Colombian drug lord is shot and killed in Medellín.
1993
Pablo Escobar
86%
Joaquín Guzmán
5.6%
Gustavo Gaviria
2.6%
Carlos Lehder
1.2%
At Notre Dame Cathedral in Paris, this man crowns himself Emperor of the French.
1804
Napoleon Bonaparte
85.7%
Maximilien Robespierre
2.2%
Louis XVI
11.1%
Charles X
0.8%
______, Che Guevara, and 80 other members of the 26th of July Movement arrive in Cuba, where they initiate the Cuban Revolution.
1956
Fidel Castro
77.9%
Fulgencio Batista
3.6%
Hugo Chávez
13.4%
José Martí
1.2%
In a State of the Union message, US President James K. Polk proposes that the United States should aggressively expand into the ______.
1845
American West
75.9%
Caribbean
8.3%
Dominion of Canada
6.7%
South Pacific
6.3%
As part of the Manhattan Project, a team led by this Italian-American physicist initiates the first artificial self-sustaining nuclear chain reaction.
1942
Enrico Fermi
54.3%
Ernest Rutherford
2.5%
J. Robert Oppenheimer
35.4%
Werner Heisenberg
4.4%

Today's Daily Dose

You're not logged in!

Compare scores with friends on all Sporcle quizzes.
OR
Log In

You Might Also Like...

Show Comments

Extras

Top Quizzes Today


Score Distribution

Your Account Isn't Verified!

In order to create a playlist on Sporcle, you need to verify the email address you used during registration. Go to your Sporcle Settings to finish the process.

Report this User

Report this user for behavior that violates our Community Guidelines.

Details: